Problems in quantum mechanics / (Record no. 29109)

000 -LEADER
fixed length control field 00517 a2200157 4500
020 ## - INTERNATIONAL STANDARD BOOK NUMBER
International Standard Book Number 0080190081
024 ## - OTHER STANDARD IDENTIFIER
Standard number or code 0080190081
082 ## - DEWEY DECIMAL CLASSIFICATION NUMBER
Classification number 530.12
090 ## - LOCALLY ASSIGNED LC-TYPE CALL NUMBER (OCLC); LOCAL CALL NUMBER (RLIN)
-- 478
-- 478
100 1# - MAIN ENTRY--PERSONAL NAME
Personal name Constantinescu, F.; Magyari, E.
245 10 - TITLE STATEMENT
Title Problems in quantum mechanics /
Statement of responsibility, etc. F.; Magyari, E Constantinescu.
260 ## - PUBLICATION, DISTRIBUTION, ETC.
Place of publication, distribution, etc. [S.l.] :
Name of publisher, distributor, etc. Pergamon,
Date of publication, distribution, etc. 1976.
300 ## - PHYSICAL DESCRIPTION
Extent 420
942 ## - ADDED ENTRY ELEMENTS (KOHA)
Institution code [OBSOLETE] SNS
Koha item type Book
Call number prefix 530.12 CON
Holdings
Withdrawn status Lost status Damaged status Not for loan Permanent Location Current Location Date acquired Total Checkouts Full call number Barcode Date last seen Price effective from Koha item type
        School of Natural Sciences (SNS) School of Natural Sciences (SNS) 05/26/2016   530.12 CON SNS0000411 05/26/2016 05/26/2016 Book
© 2023 Central Library, National University of Sciences and Technology. All Rights Reserved.